TV Shows in 8 Words, Part III Quiz Stats

 Plays Quiz Updated Feb 3, 2016

Challenge
Share
Tweet
Embed
Score 0/26 Timer 07:00
0 Plays Today
Description TV Show % Correct
'Dramedy' about Korean War surgical unit staff members.M*A*S*H
90.2%
Strangers isolated in house lie, align, vote out.Big Brother
77.8%
Dillon, Texas, high school football affects entire town.Friday Night Lights
77.7%
Time Lord saves civilizations through space/time travel.Doctor Who
69.8%
Brothers run funeral business; conversations with deceased common.Six Feet Under
66.5%
Orbit City man has robot maid and dog.The Jetsons
64.4%
Four guys, girl run Pennsylvania bar; questionable morals.It's Always Sunny in Philadelphia
63.6%
Pawnee, Indiana town official, nurse convert construction pit.Parks and Recreation
63.4%
Spanish girl, monkey sightsee...with no adult supervision?Dora the Explorer
60.6%
Chicago pair meets at Overeaters Anonymous; love ensues.Mike and Molly
60.2%
Wife of disgraced state's attorney rebuilds litigator reputation.The Good Wife
58%
Can sound alone extinguish fire? They confirmed it!Mythbusters
55.2%
Orange people work out, fight, display hair poofs.Jersey Shore
45.6%
Description TV Show % Correct
Corrupt Atlantic County treasurer's shady dealings: mob connections?Boardwalk Empire
41.8%
Twin girls, separated and adopted at birth, reunite.Sister, Sister
41.7%
Suspended lawyer with Colombia degree returns to college.Community
41.6%
Late at night, bespectacled 'Lincolnish' host mocks politics.The Colbert Report
37.9%
Hostess eliminates girls by not holding their photograph.America's Next Top Model
36.4%
Bizarre FBI cases investigated; parallel universes differ slightly.Fringe
25.2%
Human hand inside a sheep; song never ends...Lamb Chop's Play-Along
23.8%
Bluffington teen falls for girl named after condiment.Doug
22.8%
Stressed mother with dissociative identity disorder reacts oddly.United States of Tara
22.6%
Girl sometimes becomes cartoon; class trip to Rome.Lizzie McGuire
21%
Reality contestants compete in Quickfire and Elimination Challenges.Top Chef
17%
Bald man leads Strike Team; unconventional methods used.The Shield
11.6%
Man dies; wife, kids, locate mistress--another Walker?Brothers & Sisters
7.6%

You're not logged in!

Compare scores with friends on all Sporcle quizzes.
OR
Log In

You Might Also Like...

Show Comments

Extras

Top Quizzes Today


Score Distribution

Your Account Isn't Verified!

In order to create a playlist on Sporcle, you need to verify the email address you used during registration. Go to your Sporcle Settings to finish the process.

Report this User

Report this user for behavior that violates our Community Guidelines.

Details: